The anatomy of foreign policy decisions. (Record no. 90104)

MARC details
000 -LEADER
fixed length control field 01117cam a22002771 4500
001 - CONTROL NUMBER
control field sd 65000012
003 - CONTROL NUMBER IDENTIFIER
control field DLC
005 - DATE AND TIME OF LATEST TRANSACTION
control field 20260227112737.0
008 - FIXED-LENGTH DATA ELEMENTS--GENERAL INFORMATION
fixed length control field 920420r19651965dcu f000 0 eng c
010 ## - LIBRARY OF CONGRESS CONTROL NUMBER
LC control number sd 65000012
035 ## - SYSTEM CONTROL NUMBER
System control number (OCoLC)25678447
040 ## - CATALOGING SOURCE
Original cataloging agency U.S. Dept. of State. Library
Transcribing agency DS
Modifying agency DS
-- DLC
042 ## - AUTHENTICATION CODE
Authentication code premarc
050 00 - LIBRARY OF CONGRESS CALL NUMBER
Classification number JX1706
Item number .A4 1965
100 1# - MAIN ENTRY--PERSONAL NAME
Personal name Rusk, Dean,
Dates associated with a name 1909-1994.
245 14 - TITLE STATEMENT
Title The anatomy of foreign policy decisions.
260 ## - PUBLICATION, DISTRIBUTION, ETC.
Place of publication, distribution, etc. [Washington]
Name of publisher, distributor, etc. Dept. of State; [for sale by the Superintendent of Documents, U.S. Govt. Print. Off.,
Date of publication, distribution, etc. 1965]
300 ## - PHYSICAL DESCRIPTION
Extent 17 p.
Dimensions 21 cm.
490 1# - SERIES STATEMENT
Series statement Dept. of State publication
Volume/sequential designation 7980
490 1# - SERIES STATEMENT
Series statement General foreign policy series,
Volume/sequential designation 207
500 ## - GENERAL NOTE
General note Address "made before the American Political Science Association at Washington, D.C. on Sept. 7."
500 ## - GENERAL NOTE
General note "Reprinted from the Department of State bulletin of September 27, 1965."
651 #0 - SUBJECT ADDED ENTRY--GEOGRAPHIC NAME
Geographic name United States
General subdivision Foreign relations administration.
830 #0 - SERIES ADDED ENTRY--UNIFORM TITLE
Uniform title Department of State publication ;
Volume/sequential designation 7980.
830 #0 - SERIES ADDED ENTRY--UNIFORM TITLE
Uniform title Department of State publication.
Name of part/section of a work General foreign policy series ;
Volume/sequential designation 207.

No items available.

Powered by Koha